| 000 | 00377nam a2200133Ia 4500 | ||
|---|---|---|---|
| 008 | 220217s9999||||xx |||||||||||||| ||und|| | ||
| 020 | _a0-07-049587-4 | ||
| 082 | _a005.13 ANA | ||
| 100 |
_aAdkoli, Anand Velpuri, Rama _92847 |
||
| 245 | 0 | _aOracle9i for windows handbook | |
| 260 |
_aTata mcgraw hill _bNew Delhi _c2002 |
||
| 300 | _b375 | ||
| 650 | _aPROGRAMMING LANGUAGE | ||
| 999 |
_c171847 _d171847 |
||